Normal view
MARC view
- Bilal,Faizaan, Ishfaq,Sarmad, Jehangir,Ahsan, Mashood,Bin Ali, & Tariq,Sameet
Entry Personal Name
001 - CONTROL NUMBER
- control field: 4987
003 - CONTROL NUMBER IDENTIFIER
- control field: NUST
005 - DATE AND TIME OF LATEST TRANSACTION
- control field: 20170926111639.0
008 - FIXED-LENGTH DATA ELEMENTS
- fixed length control field: 170926|| aca||aabn | a|a d
040 ## - CATALOGING SOURCE
- Original cataloging agency: NUST
- Transcribing agency: NUST
100 ## - HEADING--PERSONAL NAME
- Personal name: Bilal,Faizaan, Ishfaq,Sarmad, Jehangir,Ahsan, Mashood,Bin Ali, & Tariq,Sameet
670 ## - SOURCE DATA FOUND
- Source citation: Work cat.: (NUST): Bilal,Faizaan, Ishfaq,Sarmad, Jehangir,Ahsan, Mashood,Bin Ali, & Tariq,Sameet, Comparative analysis of NGO, Private and Public schools in AJK
